Top 125 Gangster Films (IMDB) - Statistics

General Stats
  • This quiz has been taken 224 times
    46 since last reset
  • The average score is 15 of 141
Answer Stats
Film Year IMDB % Correct
The Godfather 1972 9.2
100%
The Godfather Part II 1974 9.0
98%
The Godfather Part III 1990 7.5
89%
Goodfellas 1990 8.7
86%
Casino 1995 8.2
75%
Scarface 1983 8.3
75%
Scarface 1932 7.7
75%
The Departed 2006 8.5
64%
Pulp Fiction 1994 8.8
57%
Once Upon a Time in America 1984 8.3
55%
Reservoir Dogs 1992 8.3
50%
The Untouchables 1987 7.8
41%
Kill Bill: Vol. 1 2003 8.2
39%
Lock, Stock and Two Smoking Barrels 1998 8.1
36%
The Irishman 2019 7.8
36%
Donnie Brasco 1997 7.7
34%
Léon: The Professional 1994 8.5
32%
The French Connection 1971 7.7
32%
American Gangster 2007 7.8
30%
Hard Boiled 1992 7.7
30%
Gangs of New York 2002 7.5
27%
Infernal Affairs 2002 8.0
27%
Sorcerer 1977 7.7
20%
The Boondock Saints 1999 7.6
20%
Lucky Number Slevin 2006 7.7
18%
The Usual Suspects 1995 8.5
18%
Carlito's Way 1993 7.9
16%
City of God 2002 8.6
16%
Gran Torino 2008 8.1
16%
American History X 1998 8.5
14%
The Public Enemy 1931 7.6
14%
A Bronx Tale 1993 7.8
11%
Boyz n the Hood 1991 7.8
11%
Road to Perdition 2002 7.6
11%
The Long Good Friday 1980 7.6
11%
Bonnie and Clyde 1967 7.7
9%
The Sting 1973 8.2
9%
True Romance 1993 7.9
9%
Angels with Dirty Faces 1938 7.9
7%
Eastern Promises 2007 7.6
7%
The Gentlemen 2019 7.8
7%
The Town 2010 7.5
7%
West Side Story 1961 7.6
7%
Brother 1997 7.8
5%
John Wick 2014 7.5
5%
Key Largo 1948 7.7
5%
Menace II Society 1993 7.5
5%
Miller's Crossing 1990 7.7
5%
No Country for Old Men 2007 8.2
5%
On the Waterfront 1954 8.1
5%
Rocky 2021 7.8
5%
Some Like It Hot 1959 8.2
5%
The Warriors 1979 7.5
5%
Touch of Evil 1958 7.9
5%
Bob le Flambeur 1956 7.5
2%
Brother 2 2000 7.6
2%
Gun Crazy 1950 7.6
2%
In Bruges 2008 7.9
2%
Le Cercle Rouge 1970 7.9
2%
Mesrine: Killer Instinct 2008 7.5
2%
Night and the City 1950 7.8
2%
One Hundred Steps 2000 7.5
2%
Pépé le Moko 1937 7.6
2%
Rififi 1955 8.1
2%
Sinners 2025 7.5
2%
Sin Nombre 2009 7.5
2%
Sleepers 1996 7.5
2%
The Killing 1956 7.9
2%
The Raid 2 2014 7.9
2%
Aaranya Kaandam 2010 8.4
0%
Absolute Hundred 2001 7.5
0%
Adam's Apples 2005 7.7
0%
Baasha 1995 8.3
0%
Baby Buggy Bunny 1954 7.7
0%
Black Cat, White Cat 1998 8.0
0%
Black Friday 2004 8.4
0%
Bullet in the Head 1990 7.5
0%
Classe Tous Risques 1960 7.5
0%
Company 2002 7.9
0%
Comrades: Almost a Love Story 1996 8.1
0%
Crooks in Clover 1963 7.7
0%
Dead Man's Shoes 2004 7.5
0%
Dhurandhar 2025 8.5
0%
Dogville 2003 8.0
0%
Drunken Angel 1948 7.6
0%
Failan 2001 7.5
0%
Fireworks 1997 7.7
0%
Gangs of Wasseypur 2012 8.2
0%
Gangubai Kathiawadi 2022 7.8
0%
Garuda 2022 7.7
0%
Ghost Dog: The Way of the Samurai 1999 7.5
0%
Jigarthanda 2014 8.2
0%
Jigarthanda DoubleX 2023 8.0
0%
Korkusuz Korkak 1979 8.1
0%
Kung Fu Hustle 2004 7.7
0%
Le Doulos 1962 7.7
0%
Love and Honor 2006 7.7
0%
Mafioso 1962 7.6
0%
Mahaan 2022 7.7
0%
Mind Game 2004 7.7
0%
Mufti 2017 7.8
0%
Mulshi Pattern 2018 8.3
0%
Munna Bhai M.B.B.S. 2003 8.2
0%
Nayakan 1987 8.6
0%
New World 2013 7.5
0%
Om 1995 8.9
0%
Omkara 2006 8.0
0%
Once Were Warriors 1994 7.9
0%
Pale Flower 1964 7.7
0%
Parinda 1989 7.8
0%
Police Story 1985 7.5
0%
Poslednji krug u Monci 1989 7.8
0%
Pudhu Pettai 2006 8.4
0%
Sarkar 2005 7.6
0%
Sathyaa 1988 7.9
0%
Satya 1998 8.3
0%
Shakti 1982 7.6
0%
South Wind 2018 7.8
0%
Straight Outta Compton 2015 7.8
0%
Swallowtail Butterfly 1996 7.5
0%
Tampopo 1985 7.9
0%
Tekkonkinkreet 2006 7.5
0%
Thalapathi 1991 8.5
0%
The Consequences of Love 2004 7.5
0%
The Hangover 2009 7.7
0%
The Inevitable Defeat of Mister & Pete 2013 7.5
0%
The Marathon Family 1982 8.9
0%
The Mattei Affair 1972 7.6
0%
The Mission 1999 7.5
0%
The Tale of Zatoichi 1962 7.6
0%
The Testament of Dr. Mabuse 1933 7.9
0%
The Trap 2007 7.9
0%
The Wounds 1998 8.0
0%
This Is England 2006 7.7
0%
Touchez Pas au Grisbi 1954 7.7
0%
Underworld 1927 7.6
0%
Vaastav: The Reality 1999 8.0
0%
Vada Chennai 2018 8.4
0%
Vasoolraja M.B.B.S 2004 8.0
0%
Vikram 2022 8.3
0%
Vikram Vedha 2017 8.2
0%
No matching quizzes found
Score Distribution
Percent of People with Each Score
Percentile by Number Answered
Your Score History
You have not taken this quiz since the last reset